[Event "4NCL Division Four"]
[Site "Warwick, ENG"]
[Date "2024.03.10"]
[Round "8.44"]
[White "Towers, Nigel S"]
[Black "Staples, Neil"]
[Result "1/2-1/2"]
[WhiteElo "1730"]
[BlackElo "1742"]
[PlyCount "54"]
[EventDate "2024.03.10"]
[WhiteTeam "Coventry"]
[BlackTeam "Oxford 3"]

1. e4 d5 2. exd5 Qxd5 3. Nc3 Qd8 4. d4 Nf6 5. Nf3 c6 6. Bc4 Bf5 7. O-O e6 8. Bf4 Be7 9. h3 O-O 10. Nh4 Bg6 11. Nxg6 hxg6 12. Bb3 Nd5 13. Nxd5 cxd5 14. c3 Nd7 15. Re1 Nf6 16. Qe2 Bd6 17. Bg5 Qc7 18. Bxf6 gxf6 19. Rac1 Kg7 20. c4 dxc4 21. Rxc4 Qb6 22. Rec1 Rad8 23. Rd1 Bb8 24. Qe3 Qd6 25. g3 Rh8 26. h4 a6 27. Qf3 Qb6 1/2-1/2

[Event "4NCL Division Four"]
[Site "Warwick, ENG"]
[Date "2024.03.10"]
[Round "8.45"]
[White "Curran, David P"]
[Black "Edwards, Rhys"]
[Result "0-1"]
[WhiteElo "1645"]
[BlackElo "1658"]
[PlyCount "66"]
[EventDate "2024.03.10"]
[WhiteTeam "Oxford 3"]
[BlackTeam "Coventry"]

1. d4 Nf6 2. c4 e6 3. Nf3 Bb4+ 4. Bd2 Qe7 5. a3 Bxd2+ 6. Nbxd2 d6 7. e4 e5 8. d5 a5 9. h3 O-O 10. Bd3 a4 11. O-O Nh5 12. b4 axb3 13. Nxb3 Nf4 14. Bc2 Nd7 15. Kh2 Nb6 16. Nbd2 Bd7 17. Ng1 Na4 18. g3 Ng6 19. Bxa4 Bxa4 20. Qb1 Rfb8 21. Qd3 b5 22. Rfc1 bxc4 23. Qxc4 Rc8 24. Rab1 Qe8 25. Rc3 c5 26. Ne2 Rcb8 27. Qa2 h5 28. Nc4 Qd8 29. Rcc1 Bb5 30. a4 Rxa4 31. Qb2 Rb4 32. Qa2 Bxc4 33. Rxc4 Rxb1 0-1

[Event "4NCL Division Four"]
[Site "Warwick, ENG"]
[Date "2024.03.10"]
[Round "8.46"]
[White "Woolgar, Steven G"]
[Black "Neatherway, A Philip"]
[Result "1/2-1/2"]
[WhiteElo "1613"]
[BlackElo "1733"]
[PlyCount "102"]
[EventDate "2024.03.10"]
[WhiteTeam "Coventry"]
[BlackTeam "Oxford 3"]

1. c4 e5 2. Nc3 d6 3. g3 f5 4. Bg2 Nf6 5. d3 Be7 6. Nf3 O-O 7. Bd2 c6 8. a3 a5 9. O-O Qe8 10. e3 Qh5 11. c5 Na6 12. cxd6 Bxd6 13. d4 e4 14. Ne5 Qxd1 15. Raxd1 Be6 16. f4 exf3 17. Nxf3 Nc7 18. Ng5 Bb3 19. Rde1 h6 20. Nh3 Bc2 21. e4 fxe4 22. Nxe4 Nxe4 23. Rxf8+ Rxf8 24. Bxe4 Bxe4 25. Rxe4 a4 26. Nf4 Rf5 27. Ne6 Nxe6 28. Rxe6 Rd5 29. Bc3 Kf7 30. Re2 Be7 31. Kg2 Bf8 32. Re4 b5 33. h4 Rh5 34. Kf3 g6 35. Ke3 Rf5 36. Ke2 Be7 37. Ke3 Rf1 38. Rf4+ Rxf4 39. Kxf4 Ke6 40. Ke4 Bd6 41. Kf3 Kf5 42. Bd2 Be7 43. Be1 Bf6 44. Bc3 g5 45. hxg5 Bxg5 46. Bb4 Bc1 47. Bc3 Bg5 48. Be1 Bf6 49. Bc3 Be7 50. Bd2 Bg5 51. Bb4 Bc1 1/2-1/2

[Event "4NCL Division Four"]
[Site "Warwick, ENG"]
[Date "2024.03.10"]
[Round "8.51"]
[White "Hatton, David"]
[Black "Tivillier, Jacques"]
[Result "1/2-1/2"]
[WhiteElo "1782"]
[BlackElo "1747"]
[PlyCount "66"]
[EventDate "2024.03.10"]
[WhiteTeam "Ashfield 3"]
[BlackTeam "Celtic Tigers 3"]

1. d4 d5 2. c4 e6 3. Nf3 a6 4. cxd5 exd5 5. Nc3 Be7 6. Bf4 Nf6 7. h3 c6 8. Qc2
h6 9. e3 Be6 10. Bd3 Nbd7 11. O-O O-O 12. Rac1 Nb6 13. Ne5 Nc8 14. Na4 Nd6 15.
Nc5 Qc8 16. Nxe6 Qxe6 17. Be2 Rfe8 18. Nd3 Qc8 19. f3 Nf5 20. Ne5 Nh5 21. Bd3
Nxd4 22. exd4 Nxf4 23. Bh7+ Kf8 24. Bf5 Ne2+ 25. Kf2 Nxd4 26. Bxc8 Nxc2 27.
Nd7+ Kg8 28. Bxb7 Nb4 29. Bxa8 Nd3+ 30. Kg1 Nxc1 31. Rxc1 Rxa8 32. Rxc6 Ra7 33.
Nb6 Bf6 1/2-1/2

[Event "4NCL Division Four"]
[Site "Warwick, ENG"]
[Date "2024.03.10"]
[Round "8.52"]
[White "Sandhu, Jai"]
[Black "Hill, Maurice J"]
[Result "1/2-1/2"]
[WhiteElo "1755"]
[BlackElo "1760"]
[PlyCount "49"]
[EventDate "2024.03.10"]
[WhiteTeam "Celtic Tigers 3"]
[BlackTeam "Ashfield 3"]

1. d4 Nf6 2. Bf4 d6 3. Nf3 g6 4. e3 Bg7 5. Nc3 Nh5 6. Ne2 Bg4 7. h3 Bxf3 8.
gxf3 Nxf4 9. Nxf4 Nd7 10. c3 e5 11. dxe5 dxe5 12. Ne2 Qe7 13. Qc2 O-O-O 14.
O-O-O Kb8 15. f4 f5 16. Bg2 e4 17. Nd4 Nc5 18. Kb1 Rd7 19. Rd2 Rhd8 20. Rhd1
Bf6 21. Nb3 Rxd2 22. Rxd2 Rxd2 23. Qxd2 Nxb3 24. axb3 Kc8 25. Kc2 1/2-1/2

[Event "4NCL Division Four"]
[Site "Warwick, ENG"]
[Date "2024.03.10"]
[Round "8.53"]
[White "Graham, Neil"]
[Black "Sturt, Charles A"]
[Result "1/2-1/2"]
[WhiteElo "1739"]
[BlackElo "1617"]
[PlyCount "41"]
[EventDate "2024.03.10"]
[WhiteTeam "Ashfield 3"]
[BlackTeam "Celtic Tigers 3"]

1. d4 d5 2. e4 dxe4 3. Nc3 e6 4. Nxe4 Bd7 5. c3 Bc6 6. Qc2 Nd7 7. Nf3 Ngf6 8.
Bd3 Bxe4 9. Bxe4 Nxe4 10. Qxe4 c6 11. O-O Nf6 12. Qe2 c5 13. Bg5 cxd4 14. Nxd4
Qb6 15. Qb5+ Qxb5 16. Nxb5 Kd7 17. Rad1+ Kc6 18. Nd4+ Kb6 19. Nb3 Be7 20. Be3+
Kc7 21. Bf4+ 1/2-1/2

[Event "4NCL Division Four"]
[Site "Warwick, ENG"]
[Date "2024.03.10"]
[Round "8.54"]
[White "White, John"]
[Black "Taylor, Robert P"]
[Result "1-0"]
[WhiteElo "1546"]
[BlackElo "1732"]
[PlyCount "53"]
[EventDate "2024.03.10"]
[WhiteTeam "Celtic Tigers 3"]
[BlackTeam "Ashfield 3"]

1. e4 d6 2. d4 Nf6 3. Nc3 c6 4. a4 Nbd7 5. f4 Qa5 6. Bd2 e5 7. Nf3 exf4 8. Bd3
Be7 9. O-O O-O 10. Nd5 Qd8 11. Nxe7+ Qxe7 12. Qe2 Re8 13. Rae1 Nf8 14. Bxf4 Ng6
15. Bg5 h6 16. Bxf6 gxf6 17. Nd2 Bd7 18. Qh5 Kg7 19. e5 fxe5 20. dxe5 Nxe5 21.
Rxe5 dxe5 22. Nc4 Qc5+ 23. Kh1 Re7 24. Rf6 Rh8 25. Nd6 Be6 26. Rxe6 Qf2 27.
Qxe5+ 1-0

[Event "4NCL Division Four"]
[Site "Warwick, ENG"]
[Date "2024.03.10"]
[Round "8.55"]
[White "Willoughby, Robert H"]
[Black "Rigby, Charles"]
[Result "1-0"]
[WhiteElo "1620"]
[BlackElo "1529"]
[PlyCount "111"]
[EventDate "2024.03.10"]
[WhiteTeam "Ashfield 3"]
[BlackTeam "Celtic Tigers 3"]

1. d4 d5 2. c4 c6 3. Nf3 Nf6 4. Nc3 dxc4 5. a4 Bg4 6. Ne5 Bh5 7. Nxc4 Nbd7 8.
f3 Nd5 9. e4 Nxc3 10. bxc3 e6 11. Bf4 Nf6 12. Bd3 Be7 13. O-O O-O 14. Rb1 b6
15. Qc2 Bg6 16. Ne5 Rc8 17. Ba6 Rc7 18. Nxg6 hxg6 19. Bxc7 Qxc7 20. Qc1 Kh7 21.
Re1 e5 22. Qe3 Nh5 23. Kh1 Rh8 24. Bc4 Kg8 25. Red1 exd4 26. cxd4 Ng3+ 27. Kg1
Rxh2 28. e5 Rh5 29. Qb3 Bg5 30. Re1 Nf5 31. Qd3 Bh4 32. Re4 Kh8 33. Rc1 Qe7 34.
Rc2 Qb4 35. Qd1 Bg5 36. Kf2 Qa3 37. Qd3 Bh4+ 38. Kg1 Qa1+ 39. Qf1 Qxf1+ 40.
Bxf1 Bg5 41. Rc3 Ng3 42. Kf2 Nxe4+ 43. fxe4 Bh4+ 44. Kf3 Rg5 45. Rxc6 Rg3+ 46.
Ke2 Ra3 47. Rc4 Bg5 48. d5 Kh7 49. d6 Ra2+ 50. Kf3 Rd2 51. Rc7 a6 52. Rxf7 Rd4
53. Rb7 Rxa4 54. Rxb6 a5 55. e6 Ra3+ 56. Kg4 1-0

[Event "4NCL Division Four"]
[Site "Warwick, ENG"]
[Date "2024.03.10"]
[Round "8.56"]
[White "Rose, Peter"]
[Black "Gunarathne, Dhamindra"]
[Result "1-0"]
[WhiteElo "1458"]
[BlackElo "1000"]
[PlyCount "85"]
[EventDate "2024.03.10"]
[WhiteTeam "Celtic Tigers 3"]
[BlackTeam "Ashfield 3"]

1. d4 e6 2. Bf4 d5 3. e3 c5 4. Nd2 cxd4 5. exd4 Nc6 6. c3 Nf6 7. Ngf3 Bd6 8.
Ne5 O-O 9. Bd3 Qc7 10. Ndf3 Nh5 11. Bxh7+ Kh8 12. Bg3 Nf6 13. Bd3 Nd7 14. Ng5
Nf6 15. Nexf7+ Rxf7 16. Nxf7+ Qxf7 17. Bxd6 Bd7 18. O-O Ne7 19. Re1 Nf5 20. Be5
Rf8 21. Bxf5 exf5 22. Qf3 Qg6 23. Bd6 Rf7 24. Re7 Ne4 25. Rxf7 Qxf7 26. Be5 Qg6
27. a4 Bc6 28. Qe3 a6 29. f3 Ng5 30. a5 Kg8 31. b3 Ne6 32. c4 f4 33. Qe2 Qf7
34. cxd5 Bxd5 35. b4 Bc6 36. Qd2 Qd7 37. Rd1 Bd5 38. Bxf4 Nxf4 39. Qxf4 Qa4 40.
Qd2 Bb3 41. Rc1 Qd7 42. Rc5 Bf7 43. d5 1-0

[Event "4NCL Division Four"]
[Site "Warwick, ENG"]
[Date "2024.03.10"]
[Round "8.61"]
[White "Nelson, Omowale"]
[Black "Jayawarna, Thisumi"]
[Result "1-0"]
[WhiteElo "1949"]
[BlackElo "1591"]
[PlyCount "83"]
[EventDate "2024.03.10"]
[WhiteTeam "Watford A"]
[BlackTeam "She Plays To Win Young Stars A"]

1. d4 Nf6 2. c4 c5 3. d5 e6 4. Nc3 exd5 5. cxd5 d6 6. e4 g6 7. h3 Bg7 8. Nf3
O-O 9. Bd3 Re8 10. O-O a6 11. a4 b6 12. Re1 Bb7 13. Bf4 Qc7 14. Nd2 Nbd7 15.
Nc4 Ne5 16. Bxe5 dxe5 17. Qb3 Nd7 18. d6 Qd8 19. Na5 Bc8 20. Nc6 Qf6 21. Qd5
Kh8 22. Ne7 Rb8 23. Qc6 Qe6 24. Ncd5 Bb7 25. Qc7 Red8 26. Bc4 Nf6 27. Nxf6 Qxf6
28. Rad1 Bf8 29. Rd3 Qg7 30. Rb3 f6 31. Rxb6 Bxe7 32. dxe7 Re8 33. Rxb7 Rxb7
34. Qxb7 Qxe7 35. Qxe7 Rxe7 36. Bxa6 Kg7 37. Bc4 Rb7 38. b3 Kf8 39. Rd1 Ke7 40.
a5 Ra7 41. a6 g5 42. Bb5 1-0

[Event "4NCL Division Four"]
[Site "Warwick, ENG"]
[Date "2024.03.10"]
[Round "8.62"]
[White "Jayawarna, Tarini"]
[Black "Rubeck, Jonathan"]
[Result "1-0"]
[WhiteElo "1545"]
[BlackElo "1945"]
[PlyCount "77"]
[EventDate "2024.03.10"]
[WhiteTeam "She Plays To Win Young Stars A"]
[BlackTeam "Watford A"]

1. e4 e6 2. d4 d5 3. Nd2 Nf6 4. e5 Nfd7 5. Bd3 c5 6. c3 Nc6 7. Ne2 cxd4 8. cxd4
f6 9. exf6 Nxf6 10. O-O Bd6 11. Nf3 Qe7 12. Bd2 O-O 13. Qc2 Bd7 14. Rac1 Rac8
15. Qb1 Be8 16. Ng5 Bxh2+ 17. Kh1 Qd6 18. g3 h6 19. Nh3 Bxg3 20. fxg3 Bh5 21.
Nhf4 Bg4 22. Be3 g5 23. Ng6 Bxe2 24. Bxe2 Qxg3 25. Rf3 Qc7 26. Nxf8 Rxf8 27.
Qg6+ Qg7 28. Qxg7+ Kxg7 29. Rcf1 Ne7 30. Bd3 Neg8 31. Bg1 g4 32. R3f2 h5 33.
Bh2 Kh6 34. Bf4+ Kg7 35. Be5 h4 36. Rh2 h3 37. Be2 Nh6 38. Rg1 Kg6 39. Bxf6 1-0

[Event "4NCL Division Four"]
[Site "Warwick, ENG"]
[Date "2024.03.10"]
[Round "8.63"]
[White "Lancaster, Roger"]
[Black "Veselow, Zoe"]
[Result "1/2-1/2"]
[WhiteElo "1955"]
[BlackElo "1449"]
[PlyCount "82"]
[EventDate "2024.03.10"]
[WhiteTeam "Watford A"]
[BlackTeam "She Plays To Win Young Stars A"]

1. c4 Nf6 2. Nc3 e6 3. e4 d5 4. e5 Nfd7 5. d4 Bb4 6. Qg4 g6 7. Bg5 Be7 8. Bh6
dxc4 9. Bxc4 Nb6 10. Bb3 Nc6 11. Rd1 Nd5 12. h4 Bf8 13. Bg5 h5 14. Qf3 Be7 15.
Nxd5 exd5 16. Qxd5 Qxd5 17. Bxd5 Bb4+ 18. Ke2 Bd7 19. Nf3 O-O 20. Bf6 Rab8 21.
a3 Ba5 22. b4 Bb6 23. Rhe1 Nd8 24. Kf1 Bg4 25. Rd2 c6 26. Bb3 Bxf3 27. gxf3 Ne6
28. Red1 Bd8 29. d5 cxd5 30. Bxd8 Rfxd8 31. Rxd5 Rxd5 32. Rxd5 Rd8 33. Rxd8+
Nxd8 34. Kg2 Kf8 35. Kg3 Ke7 36. f4 Ne6 37. Bd5 b6 38. a4 Nd4 39. Be4 a5 40. b5
Kd7 41. Bb1 f5 1/2-1/2

[Event "4NCL Division Four"]
[Site "Warwick, ENG"]
[Date "2024.03.10"]
[Round "8.64"]
[White "Popovtseva, Polina"]
[Black "Dairi, Ramsey"]
[Result "0-1"]
[WhiteElo "1493"]
[BlackElo "1817"]
[PlyCount "108"]
[EventDate "2024.03.10"]
[WhiteTeam "She Plays To Win Young Stars A"]
[BlackTeam "Watford A"]

1. e4 c5 2. d4 cxd4 3. c3 dxc3 4. Nxc3 Nc6 5. Nf3 a6 6. Bc4 e6 7. O-O Nge7 8.
Bg5 f6 9. Be3 b5 10. Bb3 Ng6 11. Qe2 Be7 12. Rfd1 Qc7 13. Rac1 O-O 14. Nd5 exd5
15. exd5 Kh8 16. dxc6 dxc6 17. Nd4 c5 18. Ne6 Bxe6 19. Bxe6 Rad8 20. Qh5 Qe5
21. Bf5 Kg8 22. Re1 Rd5 23. g4 Qd6 24. Bxc5 Rxc5 25. Rxc5 Qxc5 26. Re4 Bd6 27.
Be6+ Kh8 28. Bf5 Qc1+ 29. Kg2 Qh6 30. Bxg6 Qxg6 31. Qxg6 hxg6 32. Re6 Rd8 33.
g5 Kg8 34. gxf6 Kf7 35. Re2 gxf6 36. h4 Be5 37. Kh3 Rd3+ 38. Kg4 f5+ 39. Kg5
Bf6+ 40. Kf4 Rd4+ 41. Kf3 Rxh4 42. Rc2 Rc4 43. Rd2 Ke6 44. Re2+ Kd5 45. Rd2+
Rd4 46. Rc2 g5 47. Rc7 Rf4+ 48. Ke2 Bd4 49. f3 Bxb2 50. Ra7 Ra4 51. Rd7+ Ke5
52. Rd2 Rxa2 53. Kd3 Ra3+ 54. Kc2 Bd4 0-1

[Event "4NCL Division Four"]
[Site "Warwick, ENG"]
[Date "2024.03.10"]
[Round "8.65"]
[White "Salvi, Amit"]
[Black "Keen, Maya"]
[Result "1-0"]
[WhiteElo "1490"]
[BlackElo "1439"]
[PlyCount "127"]
[EventDate "2024.03.10"]
[WhiteTeam "Watford A"]
[BlackTeam "She Plays To Win Young Stars A"]

1. e4 e6 2. d4 d5 3. exd5 exd5 4. Bd3 c5 5. c3 Nf6 6. Ne2 Nc6 7. O-O cxd4 8.
cxd4 Be7 9. Nbc3 O-O 10. h3 a6 11. Bf4 b5 12. Rc1 Bb7 13. Ng3 Nxd4 14. Bxh7+
Nxh7 15. Qxd4 Bf6 16. Qd3 Rc8 17. a3 Rc4 18. Nge2 Bxc3 19. Rxc3 Re8 20. Nd4 Re4
21. Be3 Qf6 22. Rd1 Ng5 23. b3 Rxc3 24. Qxc3 Ne6 25. f3 Rh4 26. Qd2 Nf4 27. g3
Nxh3+ 28. Kg2 Rh7 29. Rh1 Bc8 30. g4 Qh4 31. Qe1 Qxe1 32. Rxe1 g5 33. Rc1 Bd7
34. Rc7 f6 35. Nc6 Nf4+ 36. Bxf4 gxf4 37. Nb8 Be6 38. Nxa6 d4 39. Rxh7 Kxh7 40.
Nc5 Bd5 41. a4 bxa4 42. bxa4 Kg6 43. a5 f5 44. gxf5+ Kxf5 45. a6 Ke5 46. Nd3+
Kf5 47. a7 Kg5 48. Kf2 Kf5 49. Ke2 Kg5 50. Nb4 Bb7 51. Nd3 Kf5 52. Nc5 Bc6 53.
Ne4 Ke5 54. Kd3 Bd5 55. Nd2 Bb7 56. Nc4+ Kd5 57. Nb6+ Kd6 58. a8=Q Bxa8 59.
Nxa8 Ke5 60. Nb6 Ke6 61. Kxd4 Kf5 62. Kd5 Kf6 63. Ke4 Kg5 64. Nd5 1-0

[Event "4NCL Division Four"]
[Site "Warwick, ENG"]
[Date "2024.03.10"]
[Round "8.66"]
[White "Mouskos, Mia"]
[Black "Dairi, Mahmoud"]
[Result "1-0"]
[WhiteElo "1433"]
[BlackElo "1308"]
[PlyCount "69"]
[EventDate "2024.03.10"]
[WhiteTeam "She Plays To Win Young Stars A"]
[BlackTeam "Watford A"]

1. e4 c5 2. Nf3 g6 3. c3 Bg7 4. d4 cxd4 5. cxd4 d5 6. Bb5+ Bd7 7. Bxd7+ Qxd7 8.
exd5 Nf6 9. Nc3 O-O 10. Ne5 Qd8 11. Qb3 b6 12. Bf4 Na6 13. Rc1 Nc7 14. Nc6 Qd7
15. Bxc7 Qxc7 16. Nb5 Qd7 17. Nc3 Rfe8 18. O-O e6 19. Ne5 Qd6 20. dxe6 Rxe6 21.
Nb5 Qd5 22. Nc7 Qxb3 23. axb3 Rae8 24. Nxe6 Rxe6 25. Rc7 Nd5 26. Rc8+ Bf8 27.
Nd7 Re4 28. Rxf8+ Kg7 29. Rc8 Rxd4 30. Ne5 a5 31. Rd8 Kf6 32. Re1 Kf5 33. Nxf7
Kf4 34. g3+ Kf3 35. Ne5# 1-0

[Event "4NCL Division Four"]
[Site "Warwick, ENG"]
[Date "2024.03.10"]
[Round "8.71"]
[White "Mesesan, Mircea-Marius"]
[Black "Coates, Kenneth G"]
[Result "1-0"]
[WhiteElo "1973"]
[BlackElo "1915"]
[PlyCount "49"]
[EventDate "2024.03.10"]
[WhiteTeam "Wessex B"]
[BlackTeam "Crowthorne B"]

1. d4 d5 2. e3 Bf5 3. c4 c6 4. Qb3 Qb6 5. Qxb6 axb6 6. cxd5 cxd5 7. Nc3 Nf6 8.
f3 h5 9. Bb5+ Nc6 10. e4 Be6 11. Bg5 O-O-O 12. Rd1 dxe4 13. Bxf6 exf6 14. d5
Bb4 15. dxc6 Rxd1+ 16. Kxd1 Rd8+ 17. Kc1 bxc6 18. Bxc6 e3 19. Nge2 Rd2 20. Bb5
Bf5 21. Ne4 Rd5 22. Ba6+ Kc7 23. N2c3 Bxe4 24. fxe4 Rd2 25. Nd5+ 1-0

[Event "4NCL Division Four"]
[Site "Warwick, ENG"]
[Date "2024.03.10"]
[Round "8.72"]
[White "Chapman, Timothy J"]
[Black "Coburn, Joseph A"]
[Result "0-1"]
[WhiteElo "1742"]
[BlackElo "1737"]
[PlyCount "72"]
[EventDate "2024.03.10"]
[WhiteTeam "Crowthorne B"]
[BlackTeam "Wessex B"]

1. d4 Nf6 2. c4 d6 3. Nc3 g6 4. e4 Bg7 5. Nf3 O-O 6. Be2 c6 7. O-O Qc7 8. Qc2
e5 9. Rd1 Nbd7 10. a3 a6 11. b4 exd4 12. Nxd4 c5 13. Nb3 Re8 14. Rb1 cxb4 15.
axb4 Ne5 16. Bg5 Be6 17. Nd5 Nxd5 18. exd5 Bf5 19. Qc3 Bxb1 20. Rxb1 b5 21. c5
dxc5 22. Qxc5 Qd7 23. Be3 Rec8 24. Qb6 Nc4 25. Bxc4 Rxc4 26. Nc5 Qxd5 27. g3
Bd4 28. Rd1 Rxb4 29. Bxd4 Rxd4 30. Rxd4 Qxd4 31. Qc6 Rd8 32. Nb7 Qd1+ 33. Kg2
Qd5+ 34. Qxd5 Rxd5 35. Kf3 b4 36. Ke4 b3 0-1

[Event "4NCL Division Four"]
[Site "Warwick, ENG"]
[Date "2024.03.10"]
[Round "8.73"]
[White "Smith, Steven J"]
[Black "Leadbetter, Scott"]
[Result "0-1"]
[WhiteElo "1721"]
[BlackElo "1623"]
[PlyCount "144"]
[EventDate "2024.03.10"]
[WhiteTeam "Wessex B"]
[BlackTeam "Crowthorne B"]

1. d4 Nf6 2. c4 c5 3. d5 b5 4. cxb5 a6 5. b6 Bb7 6. Nc3 g6 7. e4 d6 8. Nf3 Qxb6
9. Nd2 Bg7 10. Nc4 Qc7 11. Be2 O-O 12. O-O Rd8 13. Bf4 Ne8 14. Qd2 e5 15. dxe6
fxe6 16. f3 Nc6 17. Rad1 Nd4 18. Kh1 Qf7 19. Bg5 Bf6 20. Bxf6 Qxf6 21. a4 d5
22. exd5 exd5 23. Na5 Qb6 24. Nxb7 Qxb7 25. Bd3 c4 26. Bb1 Nb3 27. Qg5 Nc5 28.
Rxd5 Rxd5 29. Qxd5+ Qxd5 30. Nxd5 Rb8 31. h3 Rxb2 32. Rc1 Nd6 33. Nc7 Nb3 34.
Rd1 c3 35. Nd5 Rxb1 36. Rxb1 c2 37. Rg1 c1=Q 38. Rxc1 Nxc1 39. Nb4 a5 40. Nc6
Nc4 41. h4 Ne2 42. Kh2 Nc3 43. g4 Nxa4 44. Kg3 Nc5 45. h5 g5 46. f4 Ne4+ 47.
Kf3 Ned2+ 48. Kg3 gxf4+ 49. Kxf4 a4 50. Nb4 a3 51. g5 Kg7 52. Na2 Nd6 53. Ke5
Nf7+ 54. Kf5 Nd6+ 55. Ke5 N6c4+ 56. Kf5 Nd6+ 57. Ke5 N2e4 58. Kf4 Nf2 59. Ke5
Nf7+ 60. Kf5 Nd6+ 61. Ke6 Nde4 62. Kf5 Ng3+ 63. Kf4 Nxh5+ 64. Kf3 Nh3 65. Ke3
Nxg5 66. Kd3 Ng3 67. Kc3 h5 68. Nc1 N3e4+ 69. Kb3 Nc5+ 70. Kxa3 h4 71. Kb4 h3
72. Kxc5 h2 0-1

[Event "4NCL Division Four"]
[Site "Warwick, ENG"]
[Date "2024.03.10"]
[Round "8.74"]
[White "Haslehurst, Harriet"]
[Black "Syed, Ashraf"]
[Result "0-1"]
[WhiteElo "1530"]
[BlackElo "1640"]
[PlyCount "96"]
[EventDate "2024.03.10"]
[WhiteTeam "Crowthorne B"]
[BlackTeam "Wessex B"]

1. d4 d6 2. Nf3 c6 3. c4 Bg4 4. e4 Nd7 5. Bf4 Qa5+ 6. Nbd2 Ngf6 7. Bd3 e5 8.
dxe5 dxe5 9. Be3 Bc5 10. Qe2 O-O 11. O-O Rad8 12. a3 Bxe3 13. Qxe3 Qc5 14. Qe1
a5 15. Rb1 a4 16. h3 Be6 17. Ng5 Qd6 18. Nxe6 Qxe6 19. Qe3 Qd6 20. Kh1 Nc5 21.
Rfd1 Nxd3 22. Nf3 Nxf2+ 23. Qxf2 Qe7 24. Qe3 Nh5 25. Ng1 Rxd1 26. Rxd1 Rd8 27.
Rxd8+ Qxd8 28. Ne2 Qd1+ 29. Kh2 h6 30. Qf3 Nf4 31. Nxf4 Qxf3 32. gxf3 exf4 33.
h4 h5 34. Kg2 c5 35. Kf2 f6 36. Ke2 Kf7 37. Kd3 Ke6 38. Ke2 Ke5 39. Kd3 g5 40.
hxg5 fxg5 41. Ke2 g4 42. Kf2 gxf3 43. Kxf3 h4 44. Kf2 Kxe4 45. Ke2 h3 46. Kf2
h2 47. Kg2 Ke3 48. Kxh2 Ke2 0-1

[Event "4NCL Division Four"]
[Site "Warwick, ENG"]
[Date "2024.03.10"]
[Round "8.75"]
[White "Wright, George A"]
[Black "McKean, Matthew"]
[Result "0-1"]
[WhiteElo "1352"]
[BlackElo "1501"]
[PlyCount "50"]
[EventDate "2024.03.10"]
[WhiteTeam "Wessex B"]
[BlackTeam "Crowthorne B"]

1. d4 Nf6 2. c4 d6 3. Nc3 g6 4. Nf3 Bg7 5. g3 O-O 6. Bg2 Re8 7. O-O c5 8. dxc5
dxc5 9. Qxd8 Rxd8 10. Bf4 a6 11. Rad1 Rxd1 12. Rxd1 Nc6 13. Bc7 Be6 14. b3 Ne8
15. Nd5 Bxd5 16. cxd5 Nxc7 17. dxc6 bxc6 18. Ng5 Nd5 19. Bxd5 cxd5 20. Rxd5 Rc8
21. Ne4 c4 22. Rc5 Rxc5 23. Nxc5 c3 24. Nd3 c2 25. Kg2 Bb2 0-1

[Event "4NCL Division Four"]
[Site "Warwick, ENG"]
[Date "2024.03.10"]
[Round "8.76"]
[White "Coates, Christine"]
[Black "Prabhakaran, Anvikkashri"]
[Result "0-1"]
[WhiteElo "1273"]
[BlackElo "1146"]
[PlyCount "106"]
[EventDate "2024.03.10"]
[WhiteTeam "Crowthorne B"]
[BlackTeam "Wessex B"]

1. d4 e6 2. Nf3 d5 3. Bf4 c5 4. e3 Nc6 5. Be2 Nf6 6. O-O Be7 7. c4 O-O 8. Nbd2
cxd4 9. Nxd4 Qb6 10. Nxc6 bxc6 11. Qb3 Bb7 12. Qxb6 axb6 13. Rfd1 Rfd8 14. h3
Bd6 15. Bxd6 Rxd6 16. a3 h6 17. Bf3 c5 18. Rac1 Rb8 19. Kf1 Ba6 20. Ke1 Rbd8
21. Be2 dxc4 22. Nxc4 Rxd1+ 23. Rxd1 Rxd1+ 24. Kxd1 Bxc4 25. Bxc4 Ne4 26. Ke2
Nd6 27. Ba2 Kh7 28. f4 Kg6 29. Kf3 c4 30. a4 f5 31. g3 Kf6 32. Bb1 g5 33. e4
fxe4+ 34. Bxe4 gxf4 35. Kxf4 h5 36. Bf3 e5+ 37. Ke3 Kg5 38. h4+ Kg6 39. Be4+
Kf6 40. Kf3 Nxe4 41. Kxe4 Ke6 42. Ke3 Kf5 43. Kf3 e4+ 44. Ke3 Ke5 45. Ke2 Kd4
46. Kd2 e3+ 47. Ke2 Ke4 48. g4 hxg4 49. h5 g3 50. h6 g2 51. h7 g1=Q 52. h8=Q
Qf2+ 53. Kd1 Qd2# 0-1

[Event "4NCL Division Four"]
[Site "Warwick, ENG"]
[Date "2024.03.10"]
[Round "8.81"]
[White "Lawson, Maurice E"]
[Black "Singha, Swati"]
[Result "1-0"]
[WhiteElo "2002"]
[BlackElo "1545"]
[PlyCount "69"]
[EventDate "2024.03.10"]
[WhiteTeam "CSC/Kingston 3"]
[BlackTeam "She Plays To Win Uni"]

1. e4 e5 2. Nf3 Nc6 3. Bb5 a6 4. Ba4 d6 5. c3 Nf6 6. d3 Bg4 7. Nbd2 b5 8. Bc2
d5 9. h3 Bh5 10. Qe2 d4 11. Nf1 b4 12. Ba4 Qd6 13. cxd4 Nd7 14. g4 Bg6 15. dxe5
Ncxe5 16. Nxe5 Qxe5 17. Bxd7+ Kxd7 18. f4 Qa5 19. f5 Be7 20. Bf4 Bh4+ 21. Ng3
Rhf8 22. O-O h5 23. fxg6 fxg6 24. Kg2 g5 25. Nf5 Rxf5 26. gxf5 gxf4 27. Qxh5
Bf6 28. Qf7+ Kc8 29. Qc4 Bxb2 30. Rab1 Bc3 31. Rxf4 Be5 32. Rh4 b3 33. Rh8+ Kb7
34. Rxb3+ Ka7 35. Rxa8+ 1-0

[Event "4NCL Division Four"]
[Site "Warwick, ENG"]
[Date "2024.03.10"]
[Round "8.82"]
[White "Agarwal, Aditi"]
[Black "Vachtfeidl, Petr"]
[Result "0-1"]
[WhiteElo "1592"]
[BlackElo "1920"]
[PlyCount "48"]
[EventDate "2024.03.10"]
[WhiteTeam "She Plays To Win Uni"]
[BlackTeam "CSC/Kingston 3"]

1. Nf3 d5 2. g3 Nf6 3. Bg2 e6 4. O-O c5 5. d3 Nc6 6. Nbd2 Be7 7. Re1 O-O 8. e4
d4 9. e5 Nd5 10. Ne4 h6 11. c4 dxc3 12. bxc3 b6 13. h3 Bb7 14. Nh2 Nxe5 15.
Nxc5 Bxc5 16. Rxe5 Nxc3 17. Qd2 Bxg2 18. Kxg2 Bd4 19. Re1 Qd5+ 20. Nf3 Nb5 21.
Bb2 Rfd8 22. Bxd4 Nxd4 23. Re4 Nxf3 24. Kxf3 f5 0-1

[Event "4NCL Division Four"]
[Site "Warwick, ENG"]
[Date "2024.03.10"]
[Round "8.83"]
[White "Stayt, James N"]
[Black "Dorman, Orla"]
[Result "1/2-1/2"]
[WhiteElo "1894"]
[BlackElo "1493"]
[PlyCount "53"]
[EventDate "2024.03.10"]
[WhiteTeam "CSC/Kingston 3"]
[BlackTeam "She Plays To Win Uni"]

1. e4 e6 2. d4 d5 3. Nc3 Nf6 4. e5 Nfd7 5. f4 c5 6. Nf3 Nc6 7. Be3 cxd4 8. Nxd4
Be7 9. Be2 O-O 10. O-O Nxd4 11. Bxd4 f6 12. exf6 Bxf6 13. g3 Nb6 14. Re1 Bd7
15. Bf3 Rc8 16. Bg2 Rc4 17. Bxf6 Qxf6 18. Qe2 Rfc8 19. Rac1 Na4 20. Nxd5 Qd4+
21. Ne3 Nxb2 22. c3 Qb6 23. Rb1 Rxc3 24. Rxb2 Rxe3 25. Rxb6 Rxe2 26. Rxe2 axb6
27. Bxb7 1/2-1/2

[Event "4NCL Division Four"]
[Site "Warwick, ENG"]
[Date "2024.03.10"]
[Round "8.84"]
[White "Ravi, Vash"]
[Black "Eckert, Jonathan"]
[Result "1-0"]
[WhiteElo "1434"]
[BlackElo "1758"]
[PlyCount "69"]
[EventDate "2024.03.10"]
[WhiteTeam "She Plays To Win Uni"]
[BlackTeam "CSC/Kingston 3"]

1. d4 e6 2. c4 f5 3. g3 Nf6 4. Bg2 Be7 5. Nc3 Bb4 6. Bd2 O-O 7. a3 Bxc3 8. Bxc3
Ne4 9. Qc2 Nxc3 10. Qxc3 d6 11. Nf3 Nd7 12. O-O Nf6 13. Nd2 d5 14. f3 c6 15. e4
f4 16. e5 fxg3 17. exf6 gxh2+ 18. Kh1 Qxf6 19. Rae1 Qf4 20. c5 Bd7 21. Qe3 Rae8
22. Bh3 Qg3 23. f4 Qh4 24. Re2 Re7 25. Rxh2 Qf6 26. Qd3 g6 27. Qe3 Ref7 28. Nb3
b6 29. a4 Kg7 30. a5 bxa5 31. Nxa5 Rb8 32. Rff2 Rb5 33. Nb3 Rb4 34. Bf1 Qf5 35.
Nc1 1-0

[Event "4NCL Division Four"]
[Site "Warwick, ENG"]
[Date "2024.03.10"]
[Round "8.85"]
[White "Grey, Nicholas D"]
[Black "Khunda, Deema"]
[Result "1-0"]
[WhiteElo "1693"]
[BlackElo "1464"]
[PlyCount "79"]
[EventDate "2024.03.10"]
[WhiteTeam "CSC/Kingston 3"]
[BlackTeam "She Plays To Win Uni"]

1. e4 c5 2. c3 Nf6 3. e5 Nd5 4. d4 cxd4 5. cxd4 e6 6. Nf3 d6 7. Nc3 Nxc3 8.
bxc3 dxe5 9. Nxe5 Nc6 10. Bb5 Bd7 11. Nxd7 Qxd7 12. O-O a6 13. Bd3 Bd6 14. f4
O-O 15. f5 exf5 16. Rxf5 g6 17. Rf3 Qc7 18. Rh3 Rac8 19. Bh6 Rfe8 20. Qg4 Nxd4
21. cxd4 Qc3 22. Rf1 Re1 23. Qxc8+ Qxc8 24. Rxe1 f5 25. Rc1 Qd8 26. Bc4+ Kh8
27. Bf7 g5 28. Bxg5 Qxg5 29. Rc8+ Kg7 30. Rg8+ Kf6 31. Rxg5 Kxg5 32. Rxh7 Kf6
33. Rh6+ Ke7 34. Re6+ Kd7 35. h4 Bf4 36. h5 a5 37. h6 Bxh6 38. Rxh6 b5 39. Be6+
Kc7 40. Bxf5 1-0